• 首页
  • 本馆介绍
  • 公告通知
  • 最新文献
  • 馆藏检索
  • 电子资源
  • 读者导购
  • 参考咨询
  • 我的图书馆
  • 登录
  • 详细信息显示
  • 放入我的书架
  • 预约/预借图书
  • 作者相关作品
  • 分类相关作品
  • 丛书相关作品
  • 出版社相关作品

书目信息

  • 表格格式
  • 工作单格式
  • 卡片格式
题名:
经济危机和周期的理论与历史
    
 
作者: 门德尔逊 著 ;吴纪先 译
分册: 第二卷  
出版信息: 北京   三联书店  1976
页数: 623-981页
开本: 20cm
丛书名:
单 册:
中图分类: F039
科图分类:
主题词: 经济危机-经济周期论 , 经济周期论-经济危机
电子资源:
ISBN:
000 00879nam0 2200277 45
001 0176002276
005 20060720103419.93
010    @dCNY2.90
100    @a19950703d1976 em y0chiy0121 ea
101 1  @achi@crus
102    @aCN@b110000
105    @ay z 000yy
200 10 @a经济危机和周期的理论与历史@Ajing ji wei ji he zhou qi de li lun yu li shi@h第二卷@f(苏)А.门德尔逊著@g吴纪先等译
205    @a修订本
210    @a北京@c三联书店@d1976
215    @a623-981页@d20cm
300    @a本书是《十九世纪的经济危机和周期》一书的补充修订版
517 1  @a十九世纪的经济危机和周期@Ashi jiu shi ji de jing ji wei ji he zhou qi
606    @a经济危机-经济周期论
606    @a经济周期论-经济危机
690    @aF039@v3
701  1 @a门德尔逊@Amen de er xun@bA.@4著
702  0 @a吴纪先@Awu ji xian@4译
801  2 @aCN@bNLC@c20060720
801  0 @aCN@bTSSF
905    @dF039@e41
    
    经济危机和周期的理论与历史.第二卷/(苏)А.门德尔逊著/吴纪先等译.-修订本.-北京:三联书店,1976
    623-981页;20cm
    本书是《十九世纪的经济危机和周期》一书的补充修订版
    
    ISBN :CNY2.90
    
●
相关链接 在E读中查询图书 在五车中查询图书 在当当中查询图书 在豆瓣中查询图书


正题名:经济危机和周期的理论与历史     索取号:F039/41         预约/预借

序号 登录号 条形码 馆藏地/架位号 状态 备注
1 0424831   204248313   密集书库/ [索取号:F039/41] 在馆    
唐山师范学院图书馆 欢迎您!
大连网信软件有限公司© 版权所有